Statistics for Books by Letter E

Click here to take the quiz!

General Stats

  • This quiz has been taken 32 times
  • The average score is 5 of 12

Answer Stats

HintBook% Correct
Two weavers who promise an emperor a new suit of clothes that they say is invisible.The Emperor's New Clothes
93%
The book details the demonic possession of eleven-year-old Regan MacNeil, the daughter of a famous actress, and the two priests who attempt to exorcise the demon.The Exorcist
93%
The third novel in the Twilight Saga by Stephenie Meyer.Eclipse
59%
The memoir chronicles the author's trip around the world after her divorce and what she discovered during her travels.Eat, Pray, Love
55%
Set in the fictional country village of Highbury and the surrounding estates of Hartfield, Randalls, and Donwell Abbey and involves the relationships among people from a small number of families.Emma
48%
The story is a retelling of Cinderella featuring various mythical creatures including fairies, elves, ogres, gnomes, and giants.Ella Enchanted
38%
The book tells the story of a farm boy, who finds a mysterious stone in the mountains.Eragon
24%
The story of an old, lonely man (Mr Hoppy), trying to make a connection with a person that he has loved from afar (a widow named Mrs Silver).Esio Trot
17%
Brings to life the intricate details of two families, the Trasks and the Hamiltons, and their interwoven stories.East of Eden
14%
The sixth of L. Frank Baum's fourteen Land of Oz books.The Emerald City of Oz
7%
A young adult science fiction novel written by Scott Westerfeld.Extras
3%
The plot concerns two strangers who become perilously entangled after witnessing a deadly accident.Enduring Love
0%

Score Distribution

Percentile by Number Answered

Percent of People with Each Score

Your Score History

You have not taken this quiz